[Event "GER-ch U14"]
[Site "Magdeburg"]
[Date "2014.06.10"]
[Round "5"]
[White "Alekhanov, Jannis"]
[Black "Schnabel, Bennett"]
[Result "0-1"]
[WhiteElo "1785"]
[BlackElo "1733"]
[PlyCount "100"]
[EventDate "2014.06.08"]
[EventType "swiss"]
[EventRounds "9"]
[EventCountry "GER"]
[SourceTitle "CBM 160 Extra"]
[Source "ChessBase"]
[SourceDate "2014.07.01"]
[SourceVersion "1"]
[SourceVersionDate "2014.07.01"]
[SourceQuality "1"]

1. e4 c5 2. Nf3 Nc6 3. d4 cxd4 4. Nxd4 g6 5. c4 Bg7 6. Be3 Nf6 7. Nc3 Ng4 8. Qxg4 Nxd4 9. Qd1 Nc6 10. Be2 0-0 11. 0-0 d6 12. Qd2 Be6 13. Rfc1 Qd7 14. Rab1 Rfc8 15. b3 Ne5 16. f3 h5 17. Bf1 Kh7 18. Nd5 b6 19. Rc2 Rh8 20. Qf2 Kg8 21. Rd1 Qb7 22. h3 Rc8 23. f4 Nc6 24. f5 gxf5 25. exf5 Bxd5 26. cxd5 Ne5 27. Rxc8+ Qxc8 28. Rc1 Qd7 29. Ba6 Kh7 30. Bd4 Rg8 31. Be2 Bh6 32. Rf1 Qb7 33. Bxe5 dxe5 34. f6 Bf4 35. Bd3+ Kh6 36. Qf3 exf6 37. Be2 Rg5 38. h4 Rg4 39. Qd3 Rg6 40. Bf3 Qd7 41. Be4 Rg3 42. Rf3 Rxf3 43. gxf3 Qh3 44. Qe2 Qg3+ 45. Kf1 Qh3+ 46. Kg1 f5 47. Qg2 Be3+ 48. Kf1 Qxg2+ 49. Kxg2 fxe4 50. fxe4 Bc5 0-1

[Event "GER-ch U14"]
[Site "Magdeburg"]
[Date "2014.06.08"]
[Round "2"]
[White "Poghosyan, Tigran"]
[Black "Alekhanov, Jannis"]
[Result "1-0"]
[WhiteElo "1978"]
[BlackElo "1785"]
[PlyCount "51"]
[EventDate "2014.06.08"]
[EventType "swiss"]
[EventRounds "9"]
[EventCountry "GER"]
[SourceTitle "CBM 160 Extra"]
[Source "ChessBase"]
[SourceDate "2014.07.01"]
[SourceVersion "1"]
[SourceVersionDate "2014.07.01"]
[SourceQuality "1"]

1. e4 c5 2. Nf3 d6 3. d4 cxd4 4. Qxd4 a6 5. h3 Nc6 6. Qe3 Qc7 7. c4 g6 8. Be2 Bg7 9. 0-0 Be6 10. Ng5 Nd4 11. Nxe6 Nxe6 12. Rd1 Nc5 13. Nc3 e6 14. Qg3 Be5 15. Bf4 Nf6 16. Qe3 0-0-0 17. Bg5 Rd7 18. Bf3 h5 19. b4 Ncxe4 20. Nxe4 Nxe4 21. Bxe4 Bxa1 22. Rxa1 Kb8 23. Rc1 Rc8 24. Bf3 b5 25. c5 Ka7 26. cxd6+ 1-0

[Event "GER-ch U12"]
[Site "Oberhof"]
[Date "2013.05.24"]
[Round "10"]
[White "Degenhard, Simon"]
[Black "Alekhanov, Jannis"]
[Result "1-0"]
[WhiteElo "1711"]
[BlackElo "1675"]
[PlyCount "95"]
[EventDate "2013.05.19"]
[EventType "swiss"]
[EventRounds "11"]
[EventCountry "GER"]
[SourceTitle "CBM 154 Extra"]
[Source "ChessBase"]
[SourceDate "2013.06.25"]
[SourceVersion "2"]
[SourceVersionDate "2013.06.25"]
[SourceQuality "1"]

1. e4 e5 2. Nf3 Nc6 3. Bb5 a6 4. Ba4 Nf6 5. 0-0 d6 6. Re1 b5 7. Bb3 Na5 8. c3 Nxb3 9. Qxb3 Be6 10. Qc2 Be7 11. d3 0-0 12. Nbd2 Rc8 13. a4 c5 14. c4 b4 15. Nf1 a5 16. Ne3 Qe8 17. Nd5 Nd7 18. Ng5 Bxg5 19. Bxg5 f6 20. Be3 h6 21. f4 f5 22. Rf1 Kh8 23. Rf3 g5 24. fxg5 f4 25. Bd2 hxg5 26. h3 Nf6 27. g4 Kg7 28. Nxf6 Rxf6 29. Be1 Rh6 30. b3 Qd7 31. Qg2 Rch8 32. Kf1 Bxg4 33. Qxg4 Qxg4 34. hxg4 Rh1+ 35. Ke2 Rg1 36. Rf1 Rxg4 37. Kf3 Rgh4 38. Bxh4 gxh4 39. Rh1 Kf6 40. Ra2 Rg8 41. Rg2 Rh8 42. Rg4 h3 43. Rh2 Rh5 44. Rg1 Rh8 45. Rgh1 Rh5 46. Rxh3 Rg5 47. Kf2 Kf7 48. Rg1 1-0

[Event "GER-ch U12"]
[Site "Oberhof"]
[Date "2013.05.22"]
[Round "6"]
[White "Savchenko, Daniel"]
[Black "Alekhanov, Jannis"]
[Result "1-0"]
[WhiteElo "1763"]
[BlackElo "1675"]
[PlyCount "83"]
[EventDate "2013.05.19"]
[EventType "swiss"]
[EventRounds "11"]
[EventCountry "GER"]
[SourceTitle "CBM 154 Extra"]
[Source "ChessBase"]
[SourceDate "2013.06.25"]
[SourceVersion "2"]
[SourceVersionDate "2013.06.25"]
[SourceQuality "1"]

1. e4 c5 2. Nf3 d6 3. d4 cxd4 4. Nxd4 Nf6 5. Nc3 a6 6. f4 Nbd7 7. a4 e6 8. Be3 b6 9. Qf3 Bb7 10. g4 Nc5 11. Bd3 d5 12. e5 Nxd3+ 13. cxd3 Nd7 14. 0-0 Bc5 15. Qg3 Bxd4 16. Bxd4 Nc5 17. f5 0-0 18. f6 Nb3 19. Qe3 gxf6 20. exf6 Kh8 21. Rae1 Nxd4 22. Qxd4 Rg8 23. Qf4 Rg6 24. Re5 Qg8 25. h3 Qf8 26. g5 Qc5+ 27. d4 Qb4 28. Qd2 b5 29. axb5 axb5 30. Rf2 Qc4 31. h4 b4 32. Ne2 Bc8 33. h5 Rg8 34. g6 fxg6 35. f7 Rf8 36. hxg6 Ra1+ 37. Kh2 Kg7 38. gxh7 Rh8 39. f8B+ Rxf8 40. Qg5+ Kxh7 41. Qh5+ Kg8 42. Rg5# 1-0

[Event "GER-ch U12"]
[Site "Oberhof"]
[Date "2013.05.21"]
[Round "5"]
[White "Alekhanov, Jannis"]
[Black "Reimann, Sebastian"]
[Result "1-0"]
[WhiteElo "1675"]
[BlackElo "1629"]
[PlyCount "77"]
[EventDate "2013.05.19"]
[EventType "swiss"]
[EventRounds "11"]
[EventCountry "GER"]
[SourceTitle "CBM 154 Extra"]
[Source "ChessBase"]
[SourceDate "2013.06.25"]
[SourceVersion "2"]
[SourceVersionDate "2013.06.25"]
[SourceQuality "1"]

1. e4 e5 2. Nf3 Nc6 3. Nc3 Nf6 4. d4 Bb4 5. d5 Ne7 6. Bd3 d6 7. h3 Ng6 8. a3 Bxc3+ 9. bxc3 h6 10. 0-0 0-0 11. Nh2 Re8 12. Be3 Bd7 13. c4 b6 14. c3 Nf8 15. Qc2 Ng6 16. f4 exf4 17. Bxf4 Nh5 18. Bd2 Ne5 19. Bf4 Nxf4 20. Rxf4 Qg5 21. Rf2 Bxh3 22. Nf3 Nxf3+ 23. Rxf3 Bd7 24. Qf2 f6 25. Rg3 Qe5 26. Bc2 Bc8 27. Rf1 Rf8 28. Qe3 Ba6 29. Rf5 Qe7 30. Qxh6 g5 31. e5 Qg7 32. Rfxg5 fxg5 33. Rxg5 Rf7 34. Qh7+ Kf8 35. Rxg7 Rxg7 36. Qh8+ Rg8 37. Qf6+ Ke8 38. e6 Rf8 39. Bg6+ 1-0

[Event "Sachsen-ch U12"]
[Site "Sebnitz"]
[Date "2013.04.05"]
[Round "5"]
[White "Alekhanov, Jannis"]
[Black "Wong, Gengchun"]
[Result "0-1"]
[WhiteElo "1566"]
[BlackElo "1594"]
[PlyCount "120"]
[EventDate "2013.04.02"]
[EventType "swiss"]
[EventRounds "7"]
[EventCountry "GER"]
[SourceTitle "EXT 2014"]
[Source "ChessBase"]
[SourceDate "2013.11.20"]
[SourceVersion "1"]
[SourceVersionDate "2013.11.20"]
[SourceQuality "1"]

1. e4 c5 2. Nf3 d6 3. d4 cxd4 4. Nxd4 Nf6 5. Nc3 a6 6. Bg5 Nbd7 7. f4 Qc7 8. Qf3 b5 9. Bd3 Bb7 10. 0-0-0 g6 11. Rhe1 Bg7 12. a3 Rc8 13. g4 Nb6 14. Qe2 Nc4 15. Bxc4 Qxc4 16. Qxc4 Rxc4 17. Bxf6 Bxf6 18. e5 dxe5 19. fxe5 Bg5+ 20. Kb1 e6 21. Ne4 Bxe4 22. Rxe4 Ke7 23. c3 Rd8 24. Kc2 Bh6 25. b3 Rc5 26. Rd3 Rdc8 27. Nf3 Rd8 28. Rxd8 Kxd8 29. Rd4+ Ke7 30. h3 Bg7 31. Re4 Rd5 32. c4 bxc4 33. bxc4 Rc5 34. Kc3 Kd7 35. Kb4 Bf8 36. Kb3 Rc8 37. Ng5 Be7 38. Nxf7 Rf8 39. Rd4+ Kc7 40. Nd6 Rf3+ 41. Ka4 Rxh3 42. c5 Kc6 43. Ne4 Bxc5 44. Nxc5 Kxc5 45. Rd6 Rg3 46. Rxe6 Rxg4+ 47. Ka5 Kd5 48. Re8 Re4 49. Kxa6 Rxe5 50. Rh8 h5 51. a4 h4 52. Kb7 Rg5 53. a5 h3 54. Rd8+ Ke4 55. Rd1 Rxa5 56. Rh1 Rh5 57. Kc6 Kf3 58. Kd6 Kg2 59. Ra1 g5 60. Ra2+ Kg3 0-1

[Event "Sachsen-ch U12"]
[Site "Sebnitz"]
[Date "2013.04.05"]
[Round "6"]
[White "Fischer, Elias"]
[Black "Alekhanov, Jannis"]
[Result "1/2-1/2"]
[WhiteElo "1404"]
[BlackElo "1566"]
[PlyCount "80"]
[EventDate "2013.04.02"]
[EventType "swiss"]
[EventRounds "7"]
[EventCountry "GER"]
[SourceTitle "EXT 2014"]
[Source "ChessBase"]
[SourceDate "2013.11.20"]
[SourceVersion "1"]
[SourceVersionDate "2013.11.20"]
[SourceQuality "1"]

1. Nf3 d5 2. g3 Nc6 3. d3 e5 4. Nbd2 f5 5. Bg2 Nf6 6. 0-0 Bc5 7. c3 0-0 8. b4 Bb6 9. Qc2 h6 10. b5 e4 11. bxc6 exf3 12. cxb7 Bxb7 13. Nxf3 Kh8 14. Ne5 Qe8 15. d4 Ne4 16. Bxe4 dxe4 17. e3 c5 18. Ba3 Rc8 19. Qb3 Ba6 20. Rfe1 Rf6 21. Rad1 cxd4 22. cxd4 Ba5 23. Bb4 Rb8 24. a3 Rfb6 25. Rb1 Bxb4 26. axb4 Rxb4 27. Qxb4 Rxb4 28. Rxb4 Qh5 29. Ra4 Be2 30. Rxa7 Bf3 31. Nxf3 exf3 32. Kh1 Qh3 33. Rg1 Kg8 34. d5 Kf8 35. d6 Ke8 36. Rxg7 h5 37. Rh7 Kd8 38. Rf7 Ke8 39. d7+ Kd8 40. Rh7 Qg4 1/2-1/2

[Event "Sachsen-ch U12"]
[Site "Sebnitz"]
[Date "2012.04.13"]
[Round "6"]
[White "Alekhanov, Jannis"]
[Black "Phenn, Jan Niklas"]
[Result "1/2-1/2"]
[WhiteElo "1608"]
[BlackElo "1492"]
[PlyCount "93"]
[EventDate "2012.04.10"]
[EventType "swiss"]
[EventRounds "7"]
[EventCountry "GER"]
[SourceTitle "CBM 148 Extra"]
[Source "ChessBase"]
[SourceDate "2012.06.22"]
[SourceVersion "1"]
[SourceVersionDate "2012.06.22"]
[SourceQuality "1"]

1. e4 e5 2. Nf3 Nf6 3. Nc3 Nc6 4. Bc4 Nxe4 5. Bxf7+ Kxf7 6. Nxe4 d5 7. Ng3 Kg8 8. d3 h6 9. Qd2 Bd6 10. Qe2 Kh7 11. h3 Rf8 12. a3 Be6 13. 0-0 Qf6 14. b4 Bxh3 15. Ng5+ hxg5 16. gxh3 Qh6 17. Qg4 Nd4 18. f3 Qh4 19. Bxg5 Qxg4 20. fxg4 Nf3+ 21. Rxf3 Rxf3 22. Kg2 Rf7 23. c4 dxc4 24. dxc4 Raf8 25. Ne4 Be7 26. Re1 Kh8 27. Bxe7 Rxe7 28. Nf2 Rd8 29. Re3 Rd2 30. Kg3 Rf7 31. Nd3 Re7 32. Nxe5 Kg8 33. h4 Rd8 34. h5 Rde8 35. Kf4 Kh7 36. g5 Rf8+ 37. Ke4 Rf1 38. Kd4 Rd1+ 39. Kc3 Rg1 40. g6+ Kg8 41. Rd3 Kf8 42. Nf7 Rh1 43. Rd5 Rh3+ 44. Kd4 Ree3 45. Ne5 Re1 46. Rd8+ Ke7 47. Rd7+ 1/2-1/2

[Event "GER-ch U10"]
[Site "Oberhof"]
[Date "2011.06.17"]
[Round "9"]
[White "Niemann, Alexander"]
[Black "Alekhanov, Jannis"]
[Result "0-1"]
[WhiteElo "1311"]
[BlackElo "1398"]
[PlyCount "130"]
[EventDate "2011.06.11"]
[EventType "swiss"]
[EventRounds "11"]
[EventCountry "GER"]
[SourceTitle "CBM 142 Extra"]
[Source "ChessBase"]
[SourceDate "2011.06.27"]
[SourceVersion "1"]
[SourceVersionDate "2011.06.27"]
[SourceQuality "1"]

1. e4 e5 2. Nf3 Nc6 3. Bc4 Be7 4. 0-0 Nf6 5. Nc3 0-0 6. d4 d6 7. d5 Na5 8. Bd3 c5 9. a3 b6 10. Bd2 a6 11. b4 Nb7 12. Ne2 c4 13. Bxc4 Nxe4 14. Bd3 Nxd2 15. Qxd2 f5 16. Bc4 Qc7 17. Bb3 Bf6 18. Ng3 a5 19. Rad1 a4 20. Ba2 Nd8 21. Qe2 Nf7 22. Nd2 Qxc2 23. Bb1 Qb2 24. Nc4 Qxe2 25. Nxe2 Ba6 26. Rc1 Rac8 27. Ba2 Bg5 28. Rc3 Rc7 29. Nxb6 Rxc3 30. Nxc3 Bxf1 31. Kxf1 Bc1 32. Ncxa4 Bxa3 33. b5 Rb8 34. Bc4 Kh8 35. Ke1 Bb4+ 36. Kd1 Kg8 37. Kc2 Ba5 38. Nd7 Rb7 39. Ndc5 dxc5 40. Nxc5 Rc7 41. Kb3 Rxc5 42. d6 Rxc4 43. Kxc4 Nxd6+ 44. Kd5 Nxb5 45. Kxe5 g6 46. g4 fxg4 47. Kf4 Bc7+ 48. Kxg4 Bxh2 49. f4 Bxf4 50. Kxf4 h6 51. Kg4 Kf7 52. Kg3 Kf6 53. Kg2 g5 54. Kh1 h5 55. Kg1 g4 56. Kg2 h4 57. Kg1 Kf5 58. Kh1 Kf4 59. Kg1 Kf3 60. Kf1 g3 61. Kg1 h3 62. Kh1 Ke2 63. Kg1 Nd4 64. Kh1 Ke1 65. Kg1 Nf3+ 0-1

[Event "GER-ch U10"]
[Site "Oberhof"]
[Date "2011.06.12"]
[Round "1"]
[White "Ter Stal, Sven"]
[Black "Alekhanov, Jannis"]
[Result "1/2-1/2"]
[WhiteElo "1056"]
[BlackElo "1398"]
[PlyCount "132"]
[EventDate "2011.06.11"]
[EventType "swiss"]
[EventRounds "11"]
[EventCountry "GER"]
[SourceTitle "CBM 142 Extra"]
[Source "ChessBase"]
[SourceDate "2011.06.27"]
[SourceVersion "1"]
[SourceVersionDate "2011.06.27"]
[SourceQuality "1"]

1. e4 e5 2. Nc3 Bc5 3. Bc4 Nf6 4. Nf3 d6 5. 0-0 Nc6 6. d3 Bg4 7. h3 Bh5 8. Be3 Nd4 9. Bxd4 Bxd4 10. Rb1 c6 11. Ne2 Bxf3 12. gxf3 Bc5 13. Ng3 a5 14. a4 Qc7 15. c3 d5 16. Ba2 0-0 17. d4 exd4 18. cxd4 Ba7 19. Re1 c5 20. Rc1 c4 21. Bb1 dxe4 22. fxe4 Qb6 23. Rxc4 Qxb2 24. Re2 Qb6 25. Kh2 Rad8 26. Rd2 Rd7 27. d5 Qd6 28. Kg2 Qe5 29. Rc1 Rfd8 30. f3 Be3 31. Rcc2 Bxd2 32. Qxd2 h5 33. Qc3 Qxc3 34. Rxc3 g6 35. Rd3 h4 36. Ne2 Nh5 37. Rd1 f5 38. Bd3 Kg7 39. Bb5 Rd6 40. Nc3 Ng3 41. e5 Rb6 42. d6 f4 43. Nd5 Rc6 44. Bxc6 bxc6 45. Nc7 Nf5 46. Ne6+ Kf7 47. Nxd8+ Ke8 48. Nxc6 Ne3+ 49. Kf2 Nxd1+ 50. Ke2 Nc3+ 51. Kd3 Nxa4 52. e6 Nc5+ 53. Kc4 Nxe6 54. Nxa5 Kd7 55. Kd5 Ng5 56. Nb3 Nxf3 57. Nc5+ Kd8 58. Ne6+ Kd7 59. Nxf4 g5 60. Ke4 Ng1 61. Ng6 Nxh3 62. Kf3 Kxd6 63. Nxh4 Ke5 64. Kg3 Nf4 65. Nf3+ Kf5 66. Nxg5 Kxg5 1/2-1/2

[Event "Sachsen-ch U10"]
[Site "Sebnitz"]
[Date "2011.04.30"]
[Round "7"]
[White "Renger, Niklas"]
[Black "Alekhanov, Jannis"]
[Result "1/2-1/2"]
[WhiteElo "1544"]
[BlackElo "1279"]
[PlyCount "129"]
[EventDate "2011.04.26"]
[EventType "swiss"]
[EventRounds "7"]
[EventCountry "GER"]
[SourceTitle "EXT 2012"]
[Source "ChessBase"]
[SourceDate "2011.11.24"]
[SourceVersion "1"]
[SourceVersionDate "2011.11.24"]
[SourceQuality "1"]

1. e4 e5 2. Nf3 Nc6 3. Bc4 Bc5 4. c3 Nf6 5. d4 exd4 6. cxd4 Bb4+ 7. Nc3 Nxe4 8. 0-0 Nxc3 9. bxc3 Be7 10. d5 Nb8 11. Re1 0-0 12. Bf4 d6 13. Qc2 Nd7 14. Bd3 Nf6 15. c4 Bd7 16. Rab1 Rb8 17. Be3 c5 18. dxc6 Bxc6 19. Bxa7 Ra8 20. Bb6 Qd7 21. Bf5 Qe8 22. Qe2 Bd8 23. Qd2 Be7 24. Nd4 Ra6 25. Bc7 Bd7 26. Re2 Qc8 27. Bxd7 Qxd7 28. Nb5 Rc8 29. Rbe1 Bf8 30. Ba5 Rxc4 31. Rb1 Ra4 32. Bc3 Rxa2 33. Qe3 Rxe2 34. Qxe2 Rb6 35. Bxf6 gxf6 36. g3 Qf5 37. Qf1 Qc5 38. Qe2 Bh6 39. Rb2 Bg7 40. h4 d5 41. Rc2 Qf8 42. Na7 Re6 43. Qb5 Qe7 44. Qxd5 Re1+ 45. Kg2 Bf8 46. Rb2 b6 47. Rxb6 Re2 48. Rb7 Qe4+ 49. Qxe4 Rxe4 50. Kf3 Ra4 51. Nc6 Bc5 52. Ne7+ Bxe7 53. Rxe7 Kg7 54. Re4 Ra5 55. g4 f5 56. gxf5 Rxf5+ 57. Rf4 Rxf4+ 58. Kxf4 Kf6 59. h5 h6 60. f3 Ke6 61. Ke4 f6 62. Kf4 f5 63. Ke3 Ke5 64. f4+ Kd5 65. Kd3 1/2-1/2

[Event "Sachsen-ch U10"]
[Site "Sebnitz"]
[Date "2011.04.28"]
[Round "4"]
[White "Alekhanov, Jannis"]
[Black "Wong, Gengchun"]
[Result "0-1"]
[WhiteElo "1279"]
[BlackElo "1371"]
[PlyCount "88"]
[EventDate "2011.04.26"]
[EventType "swiss"]
[EventRounds "7"]
[EventCountry "GER"]
[SourceTitle "EXT 2012"]
[Source "ChessBase"]
[SourceDate "2011.11.24"]
[SourceVersion "1"]
[SourceVersionDate "2011.11.24"]
[SourceQuality "1"]

1. d4 d5 2. Nf3 Nf6 3. g3 e6 4. Nc3 Bd6 5. Bg2 a6 6. 0-0 0-0 7. Bg5 h6 8. Bxf6 Qxf6 9. e4 dxe4 10. Nxe4 Qe7 11. Nxd6 Qxd6 12. Qd3 Nd7 13. c4 c5 14. Rad1 Nf6 15. a3 Rb8 16. dxc5 Qxc5 17. Qd6 Qxd6 18. Rxd6 b5 19. Ne5 bxc4 20. Nxc4 Bd7 21. Rfd1 Bb5 22. Nb6 Ng4 23. a4 Be8 24. f4 Ne3 25. Ra1 Nxg2 26. Kxg2 g5 27. Nc4 Rb4 28. Ne5 Rxb2+ 29. Kg1 gxf4 30. gxf4 Rb4 31. f5 exf5 32. Rxa6 Kg7 33. Kh1 Re4 34. Nc6 f4 35. a5 f3 36. Nd8 f2 37. Rf1 Re1 38. Ne6+ fxe6 39. Kg2 Rxf1 40. Ra7+ Kh8 41. Kxf1 Bb5+ 42. Kg2 f1Q+ 43. Kg3 Qf3+ 44. Kh4 Rf4# 0-1

[Event "Sachsen-ch U10"]
[Site "Sebnitz"]
[Date "2011.04.26"]
[Round "1"]
[White "Alekhanov, Jannis"]
[Black "Zieschank, Leon"]
[Result "1-0"]
[WhiteElo "1279"]
[BlackElo "1104"]
[PlyCount "43"]
[EventDate "2011.04.26"]
[EventType "swiss"]
[EventRounds "7"]
[EventCountry "GER"]
[SourceTitle "EXT 2012"]
[Source "ChessBase"]
[SourceDate "2011.11.24"]
[SourceVersion "1"]
[SourceVersionDate "2011.11.24"]
[SourceQuality "1"]

1. e4 e5 2. Nf3 Nc6 3. Bc4 Bc5 4. d3 h6 5. Nc3 d6 6. Na4 Bb6 7. Nxb6 axb6 8. d4 Bg4 9. c3 exd4 10. cxd4 Nf6 11. Qd3 Bxf3 12. gxf3 0-0 13. Rg1 Kh8 14. Be3 Nb4 15. Qd2 Nc6 16. Bxh6 Nh5 17. Bxg7+ Kg8 18. Bf6+ Kh7 19. Bxd8 Raxd8 20. Qg5 Ng3 21. Qh4+ Kg6 22. Rxg3# 1-0

[Event "Sachsen-ch U08"]
[Site "Sebnitz"]
[Date "2009.04.16"]
[Round "4"]
[White "Alekhanov, Jannis"]
[Black "Lehne, Arwin Hugo"]
[Result "1-0"]
[WhiteElo "960"]
[BlackElo "790"]
[PlyCount "41"]
[EventDate "2009.04.14"]
[EventType "swiss"]
[EventRounds "7"]
[EventCountry "GER"]
[SourceTitle "EXT 2010"]
[Source "ChessBase"]
[SourceDate "2010.11.25"]
[SourceVersion "1"]
[SourceVersionDate "2010.11.25"]
[SourceQuality "1"]

1. e4 e5 2. Nf3 Nc6 3. Bc4 Nf6 4. Ng5 Qe7 5. Nxf7 Rg8 6. Nc3 a6 7. Ng5 Rh8 8. Nd5 Nxd5 9. Bxd5 Qxg5 10. 0-0 d6 11. Qf3 Bg4 12. Qf7+ Kd8 13. d4 Qh4 14. dxe5 dxe5 15. Re1 Bb4 16. Qxg7 Re8 17. Bg5+ Ne7 18. Bxh4 Bxe1 19. Qxg4 Ba5 20. Bxb7 Ra7 21. Qc8# 1-0